000 005240000a22001930004500
001 004794
003 MACL
005 20150813130035.0
008 150813b xxu||||| |||| 00| 0 eng d
040 _aMACL
_cMACL
041 _aEnglish
082 _a400.54/ABB
100 _aAbbi, Anvita
_95240
245 _aLanguages Of Trible And Indigenous Peoples Of india
_bThe Ethnic Space
_cAnvita Abbi
260 _aDelhi
_c1997
_bMotilal Banarsidass Publishers,
350 _a595
650 _aLanguage
_981
942 _k401
_cBK
_2ddc
999 _c16680
_d16680